00806nam a22002297a 4500999001900000005001700019010001500036020002700051020001500078035001400093037001300107082001200120100002000132245009500152260004500247270007300292300002700365500001900392700001800411942002600429952012100455 c195601d19560120230406161701.0 aENG-136635 a9788124606124c1400.00 a8124606129 aEN-120167 bDBAD/PUB a759.954 aDehejia, Harsha00aPainted Words:bKangra Paintings Of Matiram's Rasraj/cBy Harsha Dehejia And Vijay Sharma aNew Delhi bD.K Printworld (P) Ltdc2012 aF-395, Sudarshan ParkbNew Delhi e110015mindology@dkprintworld.com a184.;c25cm(hbk)bill. aIncludes index aSharma, Vijay 2ddccENmHARh759.954 001040708REFaLbLd2023-04-06eDBAD/PUBg1000.00l0o759.954 HARpEN-120167r2023-04-06 00:00:00t1v1400.00yEN